| 000 | 00687cam a2200205 4500 | ||
|---|---|---|---|
| 001 | WB3602-13 | ||
| 008 | 000000n2000 000 0 eng u | ||
| 035 | _a(Sirsi) u103573 | ||
| 245 | _aFood safety | ||
| 260 | _c2000 | ||
| 490 |
_aFinancial Times _v13 January 2000, 8(4) |
||
| 520 | _aEC has unveiled a series of far reaching proposals for food regulation. The shake-up which aims to close legal loopholes and improve controls, will culminate in the creation of an independent food authority. | ||
| 590 | _aWB | ||
| 650 | _aFOOD SAFETY | ||
| 650 | _aFOOD PRODUCTION | ||
| 650 |
_aHEALTH AND SAFETY _96244 |
||
| 650 | _aEUROPEAN COMMISSION | ||
| 690 | _aEUROPE | ||
| 942 | _n0 | ||
| 999 |
_c62211 _d62211 |
||